Quiz sur le Sultanat mamelouk - Statistiques

Statistiques générales
  • Ce quiz a été pris 128 fois
  • Le résultat moyen est 8 sur 13
Statistiques - réponses
Indice Réponse % Correct
Pays actuel principal du Sultanat mamelouk Égypte
95%
Capitale du Sultanat Le Caire
92%
Île méditerranéenne conquise par le Sultanat en 1424-1426 Chypre
88%
Empire qui a mis fin au Sultanat mamelouk Ottoman
88%
Lieux saints contrôlés par les mamelouks La Mecque
81%
Lieux saints contrôlés par les mamelouks Médine
70%
Empire qui est repoussé à plusieurs reprises par les mamelouks en Syrie Mongol
70%
Le terme mamelouk peut se traduire par ce mot Esclave
61%
Dynastie kurde qui régnait sur ce pays avant les mamelouks Ayyoubides
46%
Jusqu'en 1507, les mamelouks avaient le monopole de ce marché Épice
42%
C'est ce pays qui a mis fin au monopole Portugal
38%
Dynasties des mamelouks Burjites
6%
Dynasties des mamelouks Baharites
5%
Aucun quiz correspondant
Distribution des résultats
% des personnes avec chaque résultat
Percentile par nombre de réponses
Votre historique - résultats
Vous n’avez pas pris ce quiz